Discrete mathematics for computer scientists and mathematicians (Record no. 13772)
[ view plain ]
| 000 -LEADER | |
|---|---|
| fixed length control field | 00413nam a22001577a 4500 |
| 020 ## - INTERNATIONAL STANDARD BOOK NUMBER | |
| ISBN | 9788120315020 |
| 082 ## - DEWEY DECIMAL CLASSIFICATION NUMBER | |
| Classification number | 512 |
| Item number | MOT/DI |
| 100 ## - MAIN ENTRY--AUTHOR NAME | |
| Personal name | Mott, Joe L |
| 245 ## - TITLE STATEMENT | |
| Title | Discrete mathematics for computer scientists and mathematicians |
| 250 ## - EDITION STATEMENT | |
| Edition statement | 2nd ed |
| 260 ## - PUBLICATION, DISTRIBUTION, ETC. (IMPRINT) | |
| Place of publication | New Delhi |
| Name of publisher | PHI Learning Private Limited |
| Year of publication | 2011 |
| 300 ## - PHYSICAL DESCRIPTION | |
| Number of Pages | 751 p |
| 700 ## - ADDED ENTRY--PERSONAL NAME | |
| Personal name | Kandel, Abraham |
| 700 ## - ADDED ENTRY--PERSONAL NAME | |
| Personal name | Baker, Theodore P |
| 942 ## - ADDED ENTRY ELEMENTS (KOHA) | |
| Koha item type | Books |
| Withdrawn status | Lost status | Damaged status | Collection code | Home library | Current library | Shelving location | Date acquired | Source of acquisition | Cost, normal purchase price | Full call number | Accession Number | Koha item type |
|---|---|---|---|---|---|---|---|---|---|---|---|---|
| Non-fiction | KAUAET | KAUAET | General Stacks | 31/03/2012 | Dreamtech, Tvpm | 395.00 | 512 MOT/DI | 23138 | Books |
